| 000 | 00640nam a2200205 a 4500 | ||
|---|---|---|---|
| 001 | 000021744 | ||
| 005 | 20200930011431.0 | ||
| 008 | 100910s1977 sp 000 0 spa d | ||
| 020 | _a8429713336 | ||
| 040 |
_aDO-SdBNP _bspa _cBNPHU |
||
| 082 |
_a320.9 _bG747p |
||
| 100 | 1 |
_aGramsci, Antonio. _d1891-1937 _95232 |
|
| 245 | 1 | 0 |
_aPolítica y sociedad / _cAntonio Gramsci. |
| 260 |
_aBarcelona, (España) : _bEdiciones Península, _c1977. |
||
| 300 |
_a220 p. ; _c18 cm. |
||
| 651 | 4 |
_aEspaña _xPolítica Económica _945192 |
|
| 651 | 4 |
_aEspaña _xPolítica Y Gobierno _93501 |
|
| 651 | 4 |
_aEspaña _xCondiciones Sociales _93502 |
|
| 049 | _aBNGR | ||
| 999 |
_c21243 _d21243 |
||